1644 1764 1980 1516 1221 1002 1707 1297 1226 1588 1760 1598 1911 1779 1471 1185 1045 1557 1641 1278 1504 1759 1589 1560 1712 1197 1365 1679 1185 1716 1490 1772 1849 1560 1402 1352 1118 1115 1165 1522 1823 1349 1515 1464 1486 1358 1080 1511 1459 1419 1909 1767 1882 1735 1558 1926 1977 1569 1303 1193 1213 1765 1682 1223 1346 1001 1413 1283 1650 1343 1275 1588 1542 1744 1191 1634 1489 1699 1673 1310 1564 1275 1079 1272 1576 1937 1883 1102 1682 1270 1784 1277 1301 1442 1898 1995 1064 1438 1829 BCNSPRNW ULIB Ver.6.0+V

เปลี่ยนเป็นภาษาไทย

Change to English
 แสดงรายละเอียดบรรณานุกรม
  กลับหน้าหลัก

Brief Record : Get Marc (ISO 2709) : E-mail record : QR code < ปิดหน้าต่าง
LEADER : 00000nam 2200000uu 4500
001    13399111435
003     ULIB
008    110627s||||||||th 000 0 tha d
020    9786165020688
090    นว.^bบ942ส 2554
100 0  ใบบัว
245 00 สวรรค์เถื่อน/^cใบบัว
250    พิมพ์ครั้งที่ 2
260    กรุงเทพฯ :^bSugar Beat,^c2554
300    439 หน้า
945    ^p270^l0^i030183
995    ทศพร
999 ^a ใช้งานได้ทุกระบบ
รายการนี้ยังไม่มีแท็ก
คุณยังไม่ได้ล็อกอิน คุณสามารถมีกิจกรรมร่วมกับเว็บไซต์ได้ แต่ต้องล็อกอินก่อน ::
  ล็อกอิน

รายการสื่อสารสนเทศ

ลำดับที่ ประเภท เลขเรียก/บาร์โค้ด สถานที่ สถานะ
- ไม่พบข้อมูล -

BibComment


ยังไม่เคยถูกคอมเมนท์

คอมเมนท์ทรัพยากรรายการนี้
  คอมเมนท์: สวรรค์เถื่อน ใบบัว


 Copyright 2026. Bcnsprnw @Library